<?xml version="1.0" encoding="UTF-8"?>
<record
    xmlns:xsi="http://www.w3.org/2001/XMLSchema-instance"
    xsi:schemaLocation="http://www.loc.gov/MARC21/slim http://www.loc.gov/standards/marcxml/schema/MARC21slim.xsd"
    xmlns="http://www.loc.gov/MARC21/slim">

  <leader>01077nam a22002657a 4500</leader>
  <controlfield tag="005">20240530110437.0</controlfield>
  <controlfield tag="008">150326s2011    su     g      000 0 ara d</controlfield>
  <datafield tag="017" ind1=" " ind2=" ">
    <subfield code="a">9789960548708</subfield>
    <subfield code="b">&#x627;&#x644;&#x633;&#x639;&#x648;&#x62F;&#x64A;&#x629; . &#x645;&#x643;&#x62A;&#x628;&#x629; &#x627;&#x644;&#x645;&#x644;&#x643; &#x641;&#x647;&#x62F;</subfield>
  </datafield>
  <datafield tag="040" ind1=" " ind2=" ">
    <subfield code="a">EG-CaGPL</subfield>
  </datafield>
  <datafield tag="082" ind1="0" ind2="4">
    <subfield code="2">21</subfield>
    <subfield code="a">304.2\</subfield>
    <subfield code="b">&#x62F; &#x627;</subfield>
  </datafield>
  <datafield tag="100" ind1="1" ind2=" ">
    <subfield code="a">&#x62F;&#x64A;&#x627;&#x645;&#x648;&#x646;&#x62F; &#x60C; &#x62C;&#x627;&#x631;&#x62F;</subfield>
  </datafield>
  <datafield tag="245" ind1="1" ind2="1">
    <subfield code="a">&#x627;&#x644;&#x627;&#x646;&#x647;&#x64A;&#x627;&#x631; :</subfield>
    <subfield code="b">&#x643;&#x64A;&#x641; &#x62A;&#x62D;&#x642;&#x642; &#x627;&#x644;&#x645;&#x62C;&#x62A;&#x645;&#x639;&#x627;&#x62A; &#x627;&#x644;&#x627;&#x62E;&#x641;&#x627;&#x642; &#x627;&#x648; &#x627;&#x644;&#x646;&#x62C;&#x627;&#x62D; &#x61F; /</subfield>
    <subfield code="c">&#x62C;&#x627;&#x631;&#x62F; &#x62F;&#x64A;&#x627;&#x645;&#x648;&#x646;&#x62F; &#x61B; &#x646;&#x642;&#x644;&#x647; &#x627;&#x644;&#x649; &#x627;&#x644;&#x639;&#x631;&#x628;&#x64A;&#x629; &#x645;&#x631;&#x648;&#x627;&#x646; &#x633;&#x639;&#x62F;&#x627;&#x644;&#x62F;&#x64A;&#x646;</subfield>
  </datafield>
  <datafield tag="250" ind1=" " ind2=" ">
    <subfield code="a">&#x627;&#x644;&#x627;&#x648;&#x644;&#x649;</subfield>
  </datafield>
  <datafield tag="260" ind1=" " ind2=" ">
    <subfield code="a">&#x627;&#x644;&#x631;&#x64A;&#x627;&#x636; :</subfield>
    <subfield code="b">&#x627;&#x644;&#x639;&#x628;&#x64A;&#x643;&#x627;&#x646; &#x644;&#x644;&#x646;&#x634;&#x631; &#x60C;</subfield>
    <subfield code="c">2011 .</subfield>
  </datafield>
  <datafield tag="300" ind1=" " ind2=" ">
    <subfield code="a">688 &#x635; &#x61B;</subfield>
    <subfield code="c">24 &#x633;&#x645;</subfield>
  </datafield>
  <datafield tag="650" ind1="0" ind2="4">
    <subfield code="a">&#x627;&#x644;&#x62A;&#x63A;&#x64A;&#x631; &#x627;&#x644;&#x627;&#x62C;&#x62A;&#x645;&#x627;&#x639;&#x649;</subfield>
  </datafield>
  <datafield tag="650" ind1="0" ind2="4">
    <subfield code="a">&#x627;&#x644;&#x62A;&#x637;&#x648;&#x631; &#x627;&#x644;&#x627;&#x62C;&#x62A;&#x645;&#x627;&#x639;&#x649;</subfield>
  </datafield>
  <datafield tag="650" ind1="0" ind2="4">
    <subfield code="a">&#x627;&#x644;&#x62A;&#x646;&#x645;&#x64A;&#x629; &#x627;&#x644;&#x627;&#x62C;&#x62A;&#x645;&#x627;&#x639;&#x64A;&#x629;</subfield>
  </datafield>
  <datafield tag="650" ind1="0" ind2="4">
    <subfield code="a">&#x627;&#x644;&#x628;&#x64A;&#x626;&#x629; &#x648;&#x627;&#x644;&#x627;&#x646;&#x633;&#x627;&#x646;</subfield>
  </datafield>
  <datafield tag="650" ind1="0" ind2="4">
    <subfield code="a">&#x627;&#x644;&#x62A;&#x642;&#x62F;&#x645; &#x627;&#x644;&#x627;&#x62C;&#x62A;&#x645;&#x627;&#x639;&#x649;</subfield>
  </datafield>
  <datafield tag="650" ind1="0" ind2="4">
    <subfield code="a">&#x627;&#x644;&#x62A;&#x646;&#x645;&#x64A;&#x629; &#x627;&#x644;&#x627;&#x642;&#x62A;&#x635;&#x627;&#x62F;&#x64A;&#x629;</subfield>
  </datafield>
  <datafield tag="700" ind1="0" ind2=" ">
    <subfield code="a">&#x645;&#x631;&#x648;&#x627;&#x646; &#x633;&#x639;&#x62F;&#x627;&#x644;&#x62F;&#x64A;&#x646;</subfield>
    <subfield code="e">&#x645;&#x62A;&#x631;&#x62C;&#x645;</subfield>
  </datafield>
  <datafield tag="942" ind1=" " ind2=" ">
    <subfield code="2">ddc</subfield>
    <subfield code="c">BK</subfield>
  </datafield>
  <datafield tag="999" ind1=" " ind2=" ">
    <subfield code="c">60979</subfield>
    <subfield code="d">60979</subfield>
  </datafield>
  <datafield tag="952" ind1=" " ind2=" ">
    <subfield code="0">0</subfield>
    <subfield code="1">0</subfield>
    <subfield code="4">0</subfield>
    <subfield code="7">0</subfield>
    <subfield code="a">CAI</subfield>
    <subfield code="b">CAI</subfield>
    <subfield code="d">2015-04-14</subfield>
    <subfield code="l">0</subfield>
    <subfield code="o">304.2\ &#x62F; &#x627;</subfield>
    <subfield code="p">160175</subfield>
    <subfield code="r">2015-04-14 00:00:00</subfield>
    <subfield code="w">2015-04-14</subfield>
    <subfield code="y">BK</subfield>
  </datafield>
</record>
